Members of Red Velvet - Statistics

General Stats
  • This quiz has been taken 73 times
  • The average score is 5 of 5
Answer Stats
Answer % Correct
Irene
97%
Joy
95%
Seulgi
93%
Wendy
89%
Yeri
82%
No matching quizzes found
Score Distribution
Percent of People with Each Score
Percentile by Number Answered
Your Score History
You have not taken this quiz